NHL quiz - Statistics

General Stats
  • This quiz has been taken 230 times
  • The average score is 14 of 20
Answer Stats
Hint Answer % Correct
How many stanley cups do the flames have 1
91%
Number of Canadian teams 7
91%
How many teams are in California 3
90%
The tallest player of the NHL Zdeno Chara
89%
Scored the "golden goal" for team Canada in 2010 vs USA Sidney Crosby
88%
WCH champions 2016 Canada
86%
What number does Shea Weber wear 6
84%
Captain of the Winnipeg Jets Blake Wheeler
80%
2008 stanley cup champions Detroit Red wings
76%
Team that drafted Artemi Panarin Chicago Blackhawks
75%
Winner of 2018 Olympics in hockey Russia
75%
What team plays at the Canadian tire center Ottawa Senators
74%
31st NHL team Vegas Golden Knights
74%
The number of wins team USA had during the WCH 0
58%
Who is the only Slovenian player in the NHL Anze Kopitar
58%
Norris trophy winner 2017 Brent Burns
55%
Winner of the Ted Lindsay award in 2017 Connor McDavid
49%
Who is the captain of the Dallas stars Jamie Benn
45%
Came from Russia to play for Montreal in 2016 Alexander Radulov
38%
The AHL team of the Vancouver Canucks Utica comets
31%
No matching quizzes found
Score Distribution
Percent of People with Each Score
Percentile by Number Answered
Your Score History
You have not taken this quiz